000 00366nam a2200169Ia 4500
001 9068
003 GE_BSU
008 181216s||||||||xx |||||||||||||| ||und||
040 _cGE_BSU
245 4 _aThe Economist, march 1st-7th. 2014
245 _bNumber 8876
260 _aparis
260 _c2014
300 _a90pg;27sm.
653 _aThe Economist
942 _cCR
999 _c42372
_d42372